[Event "Bagneux Librairie Saint Germain"]
[Site "Bagneux"]
[Date "1978.07.??"]
[Round "?"]
[White "Haik, Aldo"]
[Black "Giffard, Nicolas"]
[Result "1-0"]
[WhiteElo "2425"]
[BlackElo "2365"]
[Annotator "Primel,D"]
[PlyCount "59"]
[EventDate "1978.07.01"]
[EventType "tourn"]
[EventRounds "13"]
[EventCountry "FRA"]
[EventCategory "5"]
[SourceTitle "EXT 2004"]
[Source "ChessBase"]
[SourceDate "2003.11.25"]
[SourceVersion "1"]
[SourceVersionDate "2003.11.25"]
[SourceQuality "1"]

1. c4 Nf6 2. Nf3 e6 3. g3 b6 4. Bg2 Bb7 5. O-O c5 6. Nc3 a6 7. d4 cxd4 8. Qxd4
d6 9. b3 (9. Rd1 {La grande ligne} Be7 10. b3 Nbd7 11. e4 Qc7 (11... Qb8) (
11... Qc8) 12. Ba3 Nc5 13. e5 dxe5 14. Qxe5 Rc8 15. Qxc7 Rxc7 16. Bc1 (16. Bxc5
$143 $5 {La variante que j'ai crée et qui a été jouée par quelques GMI
mais elle est assez annulante} Bxc5 17. Na4 (17. Ne5 Bxg2 18. Kxg2 Nd7 19. Nd3
Bd4 20. Rac1 Ke7 21. Ne2 {Kutynec,V (2281)-Nosov,A (2372) Alushta Autumn 5th
2008 (6) 1/2} (21. Na4 {[%cal Ga4b6]})))) (9. Bg5 $5 Be7 10. Bxf6 {[%csl Rd6]})
9... Nbd7 10. Bb2 {Il vaut mieux retarder ce coup pour garder l'option de
jouer Ba3} (10. Rd1 $142 Be7 11. e4 Qc7 12. Ba3 $36 {[%cal Ge4e5]}) 10... Qc7 {
[%csl Re8] Un ordre de coups un peu douteux car le K Noir reste au centre} (
10... Be7 $142 {Plus naturel} 11. Rfd1 O-O $132) 11. e4 (11. Rfd1) 11... Be7
12. Rfe1 {Un coup naturel mais Rfd1 est plus naturel} (12. Rfd1 $142 {[%cal
Gd4e3]} O-O 13. Rac1 Rac8 14. Qe3 Rfe8 15. Nd4 Qb8 (15... Bf8 16. Qd2 Qb8) 16.
h3 Bf8 17. Re1) 12... O-O 13. Rac1 (13. Rad1 Rfd8 14. h3 Rac8 15. Qe3 Qb8 $132)
13... Rfd8 $146 {Dans une structure hérisson, Re8 parait plus précis} (13...
Rac8 14. h3 {[%cal Gd4e3]} Rfd8 15. Qe3 Qb8 16. Nd4) (13... Rfe8 $142 $1 {
[%cal Ge7f8,Gg7g6]} 14. Qd2 Bf8 15. Nd4 Rac8 $11) (13... Rad8 14. Qe3 Rfe8 15.
Nd4 Qb8 16. h3 Bf8 17. Kh1 Qa8 18. Rcd1 g6 19. Kg1 Nh5 20. g4 Nhf6 21. g5 Nh5
22. Nde2 Nc5 23. Ng3 Ng7 24. Ba1 Qb8 25. Qe2 Nd7 26. h4 e5 27. Nd5 Ne6 28. Qe3
Bxd5 29. cxd5 Nf4 30. Bf3 h6 31. Bg4 hxg5 32. hxg5 Be7 33. Qf3 Bxg5 34. Bc3 Nf6
35. Bd2 Kg7 36. Be3 Rh8 37. Bxf4 exf4 38. Nf1 Rh4 39. Bh3 Rdh8 40. Bg2 Ng4 41.
Qc3+ Ne5 42. f3 Bf6 43. Qc2 {Pytel,K (2435)-Makropoulos,G (2345) Kallithea
1977 0-1}) 14. Qd2 {[%cal Gf3d4,Gf2f4] Evacuant la case "d4" pour le N et
évitant le thème tactique d5 suivi de Bc5 gagnant la Q} Rac8 15. Nd4 Qb8 16.
f4 Nc5 17. f5 {Les pièces Noires sont massées à l'aile-dame et il est
logique d'attaquer sur l'autre aile et les Blancs profitent du fait que les
noirs ont joué Rd8 au lieu de Re8 qui protégerait mieux la faiblesse "e6"} (
17. b4 Ncd7 (17... Bf8 $5 {[%cal Gd8d2]})) 17... Bf8 18. fxe6 fxe6 19. b4 $1 b5
$5 20. Qe2 (20. bxc5 dxc5 {[%cal Gd8d2] Un thème tactique classique dans les
positions hérisson}) 20... e5 21. Nf5 Ne6 $6 (21... g6 22. bxc5 gxf5 23. cxb5
axb5 24. exf5 Bxg2 $11) 22. Nd5 $1 $36 Bxd5 23. exd5 (23. cxd5 {[%csl Gc6]})
23... Ng5 24. c5 $1 dxc5 25. Bxe5 Qb6 $6 (25... Qa7) 26. d6 Re8 27. Qe3 Ng4 28.
Bd5+ Kh8 29. Bxg7+ Bxg7 30. Qxe8+ 1-0

[Event "St Maxime-01"]
[Site "St Maxime"]
[Date "1981.10.??"]
[Round "?"]
[White "Roos, Louis"]
[Black "Abramovic, Bosko"]
[Result "1-0"]
[WhiteElo "2370"]
[BlackElo "2420"]
[Annotator "Primel,D"]
[PlyCount "65"]
[EventDate "1981.10.01"]
[EventType "tourn"]
[EventRounds "13"]
[EventCountry "FRA"]
[EventCategory "3"]
[SourceTitle "EXT 2018"]
[Source "ChessBase"]
[SourceDate "2017.10.13"]
[SourceVersion "1"]
[SourceVersionDate "2017.10.13"]
[SourceQuality "1"]

1. c4 e6 2. Nf3 Nf6 3. g3 b6 4. Bg2 Bb7 5. O-O c5 6. Nc3 Be7 7. d4 cxd4 8. Nxd4
(8. Qxd4) 8... Bxg2 9. Kxg2 a6 (9... Qc8 10. Qd3 Nc6 11. Nxc6 Qxc6+ 12. e4 O-O
13. Bd2 Rac8 14. b3 Rfd8 15. Qf3 a6 16. Rfe1 d6 17. Rac1 Qb7 18. Qe2 Rb8 19. a4
Rbc8 20. Bf4 h6 21. Rcd1 d5 22. exd5 Bb4 23. Bd2 exd5 24. Qf3 Bxc3 25. Bxc3 Ne4
26. Bd2 f5 27. cxd5 Rxd5 28. Be3 Rc3 29. Rxd5 Qxd5 30. Rd1 Qe6 31. Rd8+ Kh7 32.
Rf8 Nf6 33. b4 Rb3 34. a5 bxa5 35. bxa5 Ra3 36. Ra8 Nd5 37. Rf8 f4 38. Rxf4
Nxf4+ 39. Qxf4 {Hort,V-Tal,M Havana 1966 0-1}) 10. Qd3 $5 $146 {[%cal Ge2e4,
Gd3f3]} (10. e4 d6 11. b3 O-O 12. Bb2 Qc7 13. Qe2 Nc6 14. Nxc6 Qxc6 15. Rfe1
Qb7 16. h4 Rac8 17. Rad1 Rfd8 18. Rd2 Bf8 19. Kh2 Be7 20. Red1 h6 21. f3 Ne8
22. f4 Qc7 23. Rd3 Nf6 24. Ba3 h5 25. R1d2 Ng4+ 26. Kg2 Qc6 27. Qf3 Qc7 28. Bb4
b5 29. cxb5 axb5 30. Nxb5 Qb6 31. a4 Rc1 32. Kh3 Bf8 33. Rc3 Re1 34. Re2 Rxe2
35. Qxe2 Qg1 {0-1 (35) Pribyl,J (2455)-Vilela de Acuna,J (2435) Decin 1978})
10... O-O 11. Qf3 Ra7 12. Rd1 Qc8 13. b3 b5 $2 14. cxb5 d5 15. Bb2 $32 {
[%csl Rc8][%cal Ga1c1,Gc1c8]} Rc7 16. Rac1 Qb7 17. a4 $5 (17. bxa6 Nxa6) 17...
Rd8 18. bxa6 Nxa6 19. Ncb5 Rxc1 20. Rxc1 Bc5 21. Qf4 Ne8 22. b4 $1 Bf8 (22...
Bxb4 23. Nc6 {[%cal Gc6d8,Gc6b4]}) 23. Nc6 Rc8 24. Nba7 $1 Ra8 25. b5 Nc5 26.
Ba3 Bd6 27. Qh4 Nb3 28. Bxd6 Nxc1 29. Ba3 Nxe2 30. Kf1 Nc3 31. Qb4 Nd6 32. Qxd6
h6 33. Qb4 1-0

[Event "Cappelle op 32nd"]
[Site "Cappelle la Grande"]
[Date "2016.02.16"]
[Round "5"]
[White "Benkovic, Petar"]
[Black "Kazhgaleyev, Murtas"]
[Result "0-1"]
[WhiteElo "2411"]
[BlackElo "2580"]
[Annotator "Primel,D"]
[PlyCount "40"]
[EventDate "2016.02.13"]
[EventType "swiss"]
[EventRounds "9"]
[EventCountry "FRA"]
[SourceTitle "EXT 2017"]
[Source "ChessBase"]
[SourceDate "2016.10.25"]
[SourceVersion "1"]
[SourceVersionDate "2016.10.25"]
[SourceQuality "1"]
[TimeControl "40/5400+30:1800+30"]
[WhiteClock "1:30:00"]
[BlackClock "1:30:00"]

1. Nf3 g6 2. d4 Bg7 3. g3 c5 4. c4 cxd4 5. Nxd4 Nc6 6. Nc2 d6 7. Bg2 h5 (7...
Be6 8. Ne3 Nf6 9. Nc3 O-O 10. Ncd5 Rc8 11. Bd2 Ne5 12. b3 Qd7 13. Nf4 Nc6 14.
Rc1 b5 15. Nxe6 Qxe6 16. cxb5 Nd4 17. O-O Nxb5 18. Rc4 d5 19. Rb4 a6 20. a4 Nc7
21. Bc3 Qd6 22. Rh4 Rfd8 23. Qa1 Ne6 24. Be5 Qb6 25. Qa3 Nc5 26. Rb4 Qe6 27.
Bd4 Nfe4 28. Bxc5 Nxc5 29. Nxd5 Qxe2 30. Rc4 Bb2 31. Qb4 a5 32. Qb5 Nd3 33. Re4
{1-0 (33) Grigoryan,K (2602)-Pashikian,A (2606) Yerevan 2016}) 8. h4 Nh6 $146 (
8... Nf6 9. Nc3 O-O 10. Bg5 Be6 11. Nd5 Nh7 12. Bc1 Rb8 13. O-O Qd7 14. Rb1 b5
15. cxb5 Rxb5 16. b4 a6 17. a4 Rbb8 18. Be3 Nf6 19. Nb6 Qc7 20. a5 Ng4 21. Rc1
d5 22. Bf4 Be5 23. Nd4 Bd7 24. Nxd7 Bxf4 25. Rxc6 Qxd7 26. gxf4 Rxb4 27. Rxa6
e5 28. fxe5 Nxe5 29. e3 Qe7 30. Nf3 Rg4 31. Qxd5 Nc4 32. Ra8 Rxa8 33. Qxa8+ Kg7
34. Qd5 Kg8 35. a6 Nxe3 36. fxe3 Qxe3+ 37. Kh1 Qe2 38. Rg1 {Paci,C (2326)
-Sochacki,C (2414) Haguenau 2013 1-0}) 9. Nd2 Ng4 10. Rb1 Bf5 11. b3 (11. e4)
11... Qa5 12. e4 Nce5 $1 13. O-O (13. exf5 $4 Nd3+ 14. Kf1 Ndxf2) 13... Bd7 14.
Bb2 O-O 15. f3 Nf6 16. a3 Bh6 17. Rf2 Nd3 18. Re2 Nxb2 19. Rxb2 Qe5 20. Rb1
Qxg3 0-1

[Event "Sautron op 13th"]
[Site "Sautron"]
[Date "2013.10.28"]
[Round "4"]
[White "Ider, Borya"]
[Black "Kasparov, Sergey"]
[Result "1/2-1/2"]
[WhiteElo "2377"]
[BlackElo "2480"]
[Annotator "Primel,D"]
[PlyCount "61"]
[EventDate "2013.10.26"]
[EventType "swiss"]
[EventRounds "9"]
[EventCountry "FRA"]
[SourceTitle "EXT 2016"]
[Source "ChessBase"]
[SourceDate "2015.10.08"]
[SourceVersion "1"]
[SourceVersionDate "2015.10.08"]
[SourceQuality "1"]
[TimeControl "40/5400+30:1800+30"]
[WhiteClock "1:30:00"]
[BlackClock "1:30:00"]

1. Nf3 {[%emt 0:00:00]} Nf6 {[%emt 0:00:00]} 2. c4 {[%emt 0:00:00]} c5 {
[%emt 0:00:04]} 3. g3 {[%emt 0:00:04]} b6 {[%emt 0:00:04]} 4. Bg2 {[%emt 0:00:
09]} Bb7 {[%emt 0:00:02]} 5. O-O {[%emt 0:00:11]} e6 {[%emt 0:00:08]} 6. Nc3 {
[%emt 0:00:15]} d6 {[%emt 0:00:18]} 7. d4 {[%emt 0:00:16]} (7. Re1 {[%cal
Ge2e4,Gd2d4]} a6 8. e4 Be7 9. d4 cxd4 10. Nxd4 Qc7 11. Be3 (11. Bf4 Nbd7 12.
Nd5 exd5 13. exd5 Ne5 14. Nf5 O-O (14... Bc8 15. Nxe7 Qxe7 16. c5 $1 $44) 15.
Bxe5 dxe5 16. d6 $40)) 7... cxd4 {[%emt 0:00:08]} 8. Qxd4 {[%emt 0:00:05]} a6 {
[%emt 0:00:24]} (8... Be7 {La grande ligne du hérisson} 9. Rd1 (9. b3) (9. Bg5
)) 9. b3 {[%emt 0:00:14]} (9. Rd1 {Plus souple pour garder l'option de
transposer dans la grande ligne}) 9... Nbd7 {[%emt 0:00:26]} 10. Bb2 {[%emt 0:
00:07] Il vaut mieux retarder ce coup pour garder l'option Ba3} (10. e4 Be7 11.
Rd1 Qc7 (11... Qc8 $142 12. Bb2) 12. Ba3 Nc5 13. e5 $14 dxe5 14. Qxe5 Rc8 15.
Qxc7 (15. Bc1 {[%cal Gc1f4]}) 15... Rxc7 16. Bc1 (16. Bxc5 {La variante ...
PRIMEL puisque j'avais été le premier selon les bases à la jouer et
c'était également la première fois que j'avais battu un MF} Bxc5 17. Na4 Ke7
18. Ne5 Bxg2 {Sharafiev,A (2410)-Zakhartsov,V (2562) Voronezh op 16th 2012 (2)
1/2} (18... Bd6 $2 19. Nxf7 {Primel,D-Ortel,E (2310) Bagneux op 1985 1-0}))) (
10. Rd1 Be7 11. e4 (11. Ng5)) 10... Be7 {[%emt 0:00:16]} 11. Rfd1 {[%emt 0:00:
06]} O-O {[%emt 0:00:26]} 12. Ng5 {[%emt 0:00:04]} Bxg2 {[%emt 0:00:36]} 13.
Kxg2 {[%emt 0:00:03]} Rc8 {[%emt 0:01:27]} (13... Qc7 14. Nge4 Rfd8 15. f3 Nc5
16. Nxc5 dxc5 17. Qe3 Qc6 18. a4 Rxd1 19. Rxd1 Rd8 20. Rxd8+ Bxd8 21. Nd1 Nd7
22. Nf2 Bf6 23. Bxf6 Nxf6 24. Nd3 a5 25. Qf4 Nd7 26. Ne5 Nxe5 27. Qxe5 f5 28.
Qb8+ Kf7 29. Qd8 e5 30. Kf2 Qf6 31. Qd7+ Kf8 32. e4 f4 33. Qc8+ Ke7 34. Qc7+
Ke8 35. Qc8+ Ke7 36. Qc7+ Ke8 37. Qc8+ {1/2-1/2 (37) Movsesian,S (2698)-Van
Wely,L (2691) Istanbul 2012}) 14. Nge4 {[%emt 0:01:28]} Rc6 {[%emt 0:01:10]}
15. Rac1 {[%emt 0:05:40]} (15. Rd2 {[%csl Rd6][%cal Ga1d1]}) 15... Qa8 $1 {
[%emt 0:02:49][%cal Ga8g2,Gf8c8]} 16. f3 {[%emt 0:00:12]} Rfc8 {[%emt 0:00:25]}
17. Ba3 {[%emt 0:00:21]} Nc5 $146 {[%emt 0:02:04]} (17... Ne8 18. Qd2 Qb8 19.
Nf2 Bf8 20. Nd3 R6c7 21. e4 Qb7 22. Bb4 h6 23. Ne2 Be7 24. Nf2 Nc5 25. Qe3 Bg5
26. f4 Be7 27. Qf3 Nf6 28. Bxc5 Rxc5 29. a4 R5c7 30. Nc3 Nd7 31. Ne2 Nc5 32.
Nd4 Bf6 33. Rd2 Be7 34. Rcd1 g6 35. h4 h5 36. Rb1 Bf8 37. Re1 Bh6 38. Ne2 Rd8
39. Red1 Rcd7 40. Nd4 e5 41. Ne2 Ne6 42. Rd5 exf4 43. gxf4 Bg7 44. Nh3 Nc7 45.
R5d3 b5 46. axb5 axb5 47. e5 {Tratar,M (2405)-Gostisa,L (2425) Nova Gorica
1996 1-0}) 18. Nxc5 {[%emt 0:07:23]} dxc5 {[%emt 0:07:17]} 19. Qe3 {[%emt 0:00:
57]} (19. Qf2 $5 {[%cal Ge2e4]}) 19... Rd8 {[%emt 0:02:16]} 20. Bb2 {[%emt 0:
02:08]} Rcd6 {[%emt 0:02:37] La partie s'achemine vers la nulle} 21. Rxd6 {
[%emt 0:00:11]} Rxd6 {[%emt 0:00:12]} 22. Rd1 {[%emt 0:00:14]} Rxd1 {[%emt 0:
03:21]} 23. Nxd1 {[%emt 0:00:14]} Qd8 {[%emt 0:02:42]} 24. Nf2 {[%emt 0:00:14]}
Ne8 {[%emt 0:02:18]} 25. Nd3 {[%emt 0:00:26]} (25. Qd3 Qxd3 26. Nxd3 Bf6 27.
Be5 Kf8 28. Kf2 Ke7 29. e4 Bxe5 30. Nxe5 f6 $11 (30... Nd6)) 25... Bf6 {
[%emt 0:02:24]} 26. Bxf6 {[%emt 0:05:19]} Nxf6 {[%emt 0:02:15]} 27. Qe5 {
[%emt 0:05:17]} Ne8 {[%emt 0:07:46]} 28. Qe4 {[%emt 0:01:20]} (28. Kf2) 28...
Qc8 {[%emt 0:05:31]} 29. Qe5 {[%emt 0:04:38]} Qd8 {[%emt 0:06:11]} 30. Qe4 {
[%emt 0:10:18]} Qc8 {[%emt 0:00:54]} 31. Qe5 {[%emt 0:09:15]} 1/2-1/2

[Event "Cappelle op 32nd"]
[Site "Cappelle la Grande"]
[Date "2016.02.13"]
[Round "1"]
[White "Pogorelov, Ruslan"]
[Black "Danin, Alexandre"]
[Result "0-1"]
[WhiteElo "2345"]
[BlackElo "2570"]
[Annotator "Primel,D"]
[PlyCount "165"]
[EventDate "2016.02.13"]
[EventType "swiss"]
[EventRounds "9"]
[EventCountry "FRA"]
[SourceTitle "EXT 2017"]
[Source "ChessBase"]
[SourceDate "2016.10.25"]
[SourceVersion "1"]
[SourceVersionDate "2016.10.25"]
[SourceQuality "1"]
[TimeControl "40/5400+30:1800+30"]
[WhiteClock "1:30:00"]
[BlackClock "1:30:00"]

1. Nf3 c5 2. c4 Nf6 3. Nc3 b6 4. g3 Bb7 5. Bg2 g6 6. O-O Bg7 7. d4 cxd4 8. Qxd4
d6 9. Rd1 Nbd7 10. Be3 Rc8 11. Rac1 a6 12. b3 (12. Qh4 O-O (12... h6 13. b3 Rc7
14. Nd4 g5 15. Qh3)) 12... O-O 13. Qh4 Rc7 14. Bh3 Re8 15. g4 Nc5 (15... Qa8
16. Bd4 h6 17. g5 hxg5 18. Nxg5 e6 19. Be3 Qb8 20. Bf4 Bf8 21. Rxd6 e5 22. Rxd7
exf4 23. Rcd1 Bg7 24. R7d3 Rce7 25. Bg2 Bxg2 26. Kxg2 Nh5 27. Nd5 Rxe2 28. Qg4
Qd6 29. Qf3 Qc5 30. R3d2 R2e5 31. h4 b5 32. Rc2 b4 33. Rcd2 a5 34. Qg4 Bh6 35.
Kf1 Rf5 36. Nf3 Bg7 37. Qg2 a4 38. Rd3 Qa5 39. Ng5 axb3 40. axb3 Bf8 41. Qf3
Bc5 42. Ne4 Kg7 43. Nxc5 Qxc5 44. Rd4 Kh6 45. Qd3 {Caruana,F (2808)-So,W (2779)
Saint Louis 2015 1/2-1/2}) 16. g5 Nfd7 17. b4 $146 (17. Nd5 Rc8 18. Bd4 Bxd4
19. Nxd4 e6 20. Nf6+ Nxf6 21. gxf6 Kh8 22. Rc3 Ne4 23. Rf3 Rc5 24. Bg4 Ng5 25.
b4 Re5 26. Rf4 Rg8 27. Kf1 Qf8 28. Rd3 h6 29. a3 Nh7 30. Rff3 Bxf3 31. Nxf3 Re4
32. Nd2 Rf4 33. e3 Rxf6 34. Ne4 Kg7 35. Rxd6 Qb8 36. Qg3 Rc8 37. Qe5 Rxc4 38.
Nxf6 Nxf6 39. Bf3 Qc7 40. Kg2 a5 41. h3 axb4 42. axb4 g5 43. Ba8 Rxb4 44. Rxe6
Qxe5 45. Rxe5 Kf8 46. f4 gxf4 {Ivanov,J (2363)-Milanovic,D (2467) Veliko
Gradiste 2015 0-1}) 17... Bxf3 $1 18. exf3 $6 (18. bxc5 $142 Ne5 19. Qg3 (19.
cxb6 Rxc4) 19... Bb7 20. cxd6 Rxc4 21. d7 Rf8 $13) 18... Ne5 $1 $40 {[%csl Rc4,
Rf3] Un fort coup intermédaire} 19. Bg2 Ncd3 20. Bxb6 Rxc4 21. Qxc4 Qxb6 22.
Qh4 Nxc1 23. Rxc1 Rc8 24. Ne2 Rxc1+ 25. Nxc1 Qc6 26. Qf4 Qd5 27. Ne2 Qxa2 28.
Bf1 Qd5 29. Kg2 Nd3 30. Qe3 e6 31. Ng3 Ne5 32. Bxa6 Qa8 33. Be2 d5 34. Qb3 Qb8
35. b5 Nd7 36. Qc2 Bd4 37. h4 Bc5 38. h5 Qe5 39. Qd2 Bd6 40. Qe3 Bb8 41. hxg6
hxg6 42. Qc1 Qc7 43. Qe3 Ba7 44. Qd2 Qc5 45. Nh1 Bb6 46. f4 Ba7 47. Bf1 Nb6 48.
Ng3 Nc8 49. Qb2 Nd6 50. Bd3 Bb6 51. Nf1 Nc4 52. Bxc4 Qxc4 53. Qd2 Bc7 54. b6
Bxf4 55. Qb2 Qe4+ 56. Kg1 Qf5 57. Qf6 Qg4+ 58. Ng3 Bxg5 59. Qc3 Qc4 60. Qxc4
dxc4 61. Ne2 Be7 62. b7 Bd6 63. Kf1 Kf8 64. Nd4 Ke7 65. Nc6+ Kd7 66. b8=Q Bxb8
67. Nxb8+ Kd6 68. Ke2 e5 69. Na6 f5 70. Nb4 g5 71. f3 Kc5 72. Nc2 f4 73. Kd2
Kd5 74. Nb4+ Ke6 75. Kc3 e4 76. Kxc4 exf3 77. Kd3 g4 78. Nc6 Kd5 79. Ne7+ Ke5
80. Ng6+ Kf5 81. Nf8 g3 82. Kd2 Kg4 83. Ke1 0-1

[Event "Cappelle op 32nd"]
[Site "Cappelle la Grande"]
[Date "2016.02.14"]
[Round "2"]
[White "Malakhatko, Vadim"]
[Black "Yu, Zong Yang"]
[Result "1-0"]
[WhiteElo "2525"]
[BlackElo "2322"]
[Annotator "Primel,D"]
[PlyCount "81"]
[EventDate "2016.02.13"]
[EventType "swiss"]
[EventRounds "9"]
[EventCountry "FRA"]
[SourceTitle "EXT 2017"]
[Source "ChessBase"]
[SourceDate "2016.10.25"]
[SourceVersion "1"]
[SourceVersionDate "2016.10.25"]
[SourceQuality "1"]
[TimeControl "40/5400+30:1800+30"]
[WhiteClock "1:30:00"]
[BlackClock "1:30:00"]

1. c4 Nf6 2. Nc3 e6 3. Nf3 c5 4. g3 b6 5. Bg2 Bb7 6. O-O Be7 7. d4 cxd4 8. Qxd4
d6 9. Bg5 (9. e4 O-O 10. b3) 9... a6 10. Bxf6 Bxf6 11. Qf4 O-O 12. Rfd1 Be7 13.
Ne4 Bxe4 14. Qxe4 Ra7 15. Nd4 Rc7 16. b3 (16. Rac1 Re8 17. e3 Bf8 18. b3 Qc8
19. Rc2 Nd7 20. Rcd2 Nf6 21. Qf3 d5 22. cxd5 Nxd5 23. Ne2 Bb4 24. Rd4 Rc2 25.
e4 Nc3 26. Nxc3 Rxc3 27. Qg4 a5 28. e5 g6 29. Bf1 Rc2 30. Bb5 Rf8 31. Rc4 Rxc4
32. Qxc4 Qb8 33. Qe4 Bc3 34. f4 Bb4 35. Rd7 Qc8 36. Bc6 Bc5+ 37. Kf1 Kg7 38.
Bb5 Rd8 39. Qd3 Be7 40. Rxd8 Bxd8 41. Qc4 Qb7 42. Qc6 Qe7 43. Qd6 Qc7 44. Bc6
Qe7 45. Ke2 Qf8 {Iturrizaga Bonelli,E (2641)-Zhang,Z (2619) Berlin 2015 1/2-1/
2 (80)}) 16... Qc8 17. a4 Rc5 18. e3 Re8 $146 (18... Rd8 19. Qg4 g6 20. Ra2 Kg7
21. Rad2 Qc7 22. Qe2 Rc8 23. h4 Bf6 24. Bh3 Qe7 25. Bg2 Qc7 26. Nf3 Be7 27. Ng5
b5 28. Ne4 Rc6 29. cxb5 axb5 30. axb5 Rb6 31. Ng5 Qc5 32. Bf1 Nd7 33. Nf3 Bf6
34. Nd4 Bxd4 35. Rxd4 d5 36. e4 Nf6 37. exd5 exd5 38. Qf3 h5 39. Qf4 Re6 40.
Bh3 Ng4 41. Bxg4 hxg4 42. Rxd5 Re1+ 43. Rxe1 Qxd5 44. Qxg4 Rc3 45. b4 Rc4 46.
Qg5 Qf3 47. Qe3 Qb7 48. Rc1 {Wiewiora,E (2218)-Loos,R (2335) Warsaw 2014 1/2-1/
2 (101)}) 19. Rab1 Bf8 20. Qd3 Nd7 21. Qf1 Rc7 22. Qe1 Rc5 23. Ra1 $1 {[%cal
Ga4a5]} Nf6 24. a5 Qc7 (24... b5) 25. b4 $1 {[%csl Rc5]} Rxc4 26. Bf1 d5 27.
Bxc4 dxc4 28. axb6 Qxb6 29. Qe2 Rc8 (29... Qxb4 30. Rdb1) 30. Rdc1 Qxb4 31.
Rxa6 c3 32. Qb5 Nd5 (32... Qb2) 33. Qd7 Qc5 34. Ra7 Be7 35. Nb3 Qc4 36. Na5 Qc5
37. e4 Rd8 38. Qb7 Nf4 39. gxf4 Qh5 40. Rxc3 Qe2 41. Kg2 1-0

[Event "Belgrade RAD 30"]
[Site "Belgrade"]
[Date "1977.01.17"]
[Round "3.2"]
[White "Smejkal, Jan"]
[Black "Rajkovic, Dusan"]
[Result "1-0"]
[WhiteElo "2575"]
[BlackElo "2495"]
[Annotator "Primel,D"]
[PlyCount "82"]
[EventDate "1977.01.15"]
[EventType "tourn"]
[EventRounds "13"]
[EventCountry "SRB"]
[EventCategory "9"]
[SourceTitle "EXT 2018"]
[Source "ChessBase"]
[SourceDate "2017.10.13"]
[SourceVersion "1"]
[SourceVersionDate "2017.10.13"]
[SourceQuality "1"]
[TimeControl "40/9000:16/5400:0"]

1. Nf3 Nf6 2. c4 b6 3. g3 c5 4. Bg2 Bb7 5. O-O e6 6. Nc3 Be7 7. d4 cxd4 8. Qxd4
d6 9. b3 (9. Rd1) 9... O-O 10. Bb2 a6 11. Rfd1 Nbd7 12. e4 Qc7 13. Qe3 {
[%cal Gf3d4]} Rfe8 14. Qe2 $146 {[%csl Gb5]} (14. Rac1 Rac8 15. h3 Bf8 16. Re1
Qb8 17. Nd4 g6 18. Rcd1 Bg7 19. g4 Nc5 20. f3 Ba8 21. h4 Rcd8 22. Qf2 h6 23.
Rd2 g5 24. hxg5 hxg5 25. Red1 Nh7 26. Nde2 Be5 27. Nb1 {1/2-1/2 (27) Pfleger,H
(2540)-Jansa,V (2450) Moscow 1977}) 14... Rac8 15. Rd2 Qb8 16. Rad1 Bf8 {
[%cal Gg7g6,Ge8e2] Les deux camps ont terminé le développement mais les
manoeuvres vont continuer} 17. Ne1 Bc6 18. Nd3 h6 (18... b5 $5 19. cxb5 axb5
20. b4 $5) 19. f4 Nc5 20. Nxc5 bxc5 21. e5 $1 Bxg2 22. Kxg2 dxe5 23. fxe5 Nh7
24. h4 $1 $16 {[%csl Rh7] Les Blancs ont la paire de B et un avantage d'espace}
f5 $6 25. exf6 Nxf6 26. Ne4 Nxe4 (26... Qb7 27. Bxf6) 27. Qxe4 Qb6 28. Be5 (28.
Rd7 {[%csl Rg7][%cal Ge4g6]}) 28... Rcd8 $6 {Il est naturel de vouloir
provoquer des échanges pour affaiblir l'inititiative Blanche mais la
structure Noire risque de donnser une finale trés favorable aux Blancs} 29.
Rd7 $1 Rxd7 30. Rxd7 a5 31. Qb7 (31. Qg6 Qc6+ {[%csl Rd7][%cal Gc6g2,Gc6d7]}) (
31. Kh3 $5 {[%cal Ge4g6]}) 31... Qxb7+ 32. Rxb7 {[%csl Ra5,Rc5,Ge5]} a4 33.
bxa4 Ra8 34. Rb8 $1 Ra6 (34... Rxa4 35. Bd6) 35. a5 $1 Kf7 36. Bc7 $18 {
[%csl Ga5]} Be7 37. Bb6 e5 38. Kf3 g6 39. Rb7 Ke8 40. Rb8+ Kd7 41. Rg8 Bf6 1-0

[Event "FRA-ch 58 Championnat"]
[Site "Belfort"]
[Date "1983.08.12"]
[Round "1"]
[White "Bernard, Christophe"]
[Black "Haik, Aldo"]
[Result "0-1"]
[WhiteElo "2335"]
[BlackElo "2400"]
[Annotator "Primel,D"]
[PlyCount "74"]
[EventDate "1983.08.12"]
[EventType "tourn"]
[EventRounds "15"]
[EventCountry "FRA"]
[EventCategory "2"]
[SourceTitle "EXT 2016"]
[Source "ChessBase"]
[SourceDate "2015.10.08"]
[SourceVersion "1"]
[SourceVersionDate "2015.10.08"]
[SourceQuality "1"]
[TimeControl "40/9000:16/5400:0"]

1. Nf3 c5 2. g3 b6 3. Bg2 Bb7 4. O-O e6 5. c4 Nf6 6. Nc3 Be7 7. b3 (7. d4 $142
cxd4 8. Qxd4) (7. Re1 $142 d6 8. e4 a6) 7... d6 8. Bb2 O-O 9. e3 (9. d4 cxd4
10. Qxd4 {La grande mode au Championnat du Monde junior qui se déroulait
également à Belfort}) 9... Nbd7 10. d4 Re8 {[%cal Ge7f8] Un ordre de coups
assez rare mais c'est peut-être une simple transposition.} (10... Ne4 11. d5
Nxc3 12. Bxc3 exd5 13. cxd5 Bf6 14. Rc1 Bxc3 15. Rxc3 Nf6 16. Nh4 Re8 17. Re1
Ne4 18. Rc4 Nf6 19. e4 g6 20. f4 b5 21. Rc2 Qb6 22. e5 dxe5 23. fxe5 Nxd5 24.
Bxd5 Rad8 25. Rd2 c4+ 26. Kf1 c3 27. e6 Rxd5 28. Rxd5 fxe6 29. Rd4 e5 30. Nf5
Rf8 31. Rxe5 c2 32. Qxc2 Qxd4 33. Re8 Qa1+ 34. Kf2 Rxe8 35. Nh6+ Kh8 36. Nf7+
Kg7 37. Qc7 Qe1# {0-1 (37) Giri,A (2734)-Ivanchuk,V (2753) Leon 2013}) (10...
Qc7) (10... a6 11. Qe2 Qc7 (11... Ne4)) 11. Qe2 a6 12. Rfd1 Qc7 13. Rac1 Ne4 $1
$11 (13... Rac8 14. d5 {[%csl Rb7]}) 14. a4 (14. Nxe4 Bxe4 15. Ne1 Bxg2 16.
Nxg2 cxd4 17. exd4 Qb7 18. Ne3 Rac8 19. Ba3 Bf8 20. d5 e5 21. h4 g6 22. h5 f5
23. hxg6 hxg6 24. Kg2 Nf6 25. Rh1 Qd7 26. Rh4 Bg7 27. Rch1 g5 28. Rh5 f4 29.
Rxg5 fxe3 30. Qxe3 Rf8 31. Rh4 Nh7 32. Rgh5 Nf6 33. Rg5 Nh7 34. Rgh5 {1/2-1/2 
(34) Vachier Lagrave,M (2722)-Caruana,F (2711) Biel 2011}) 14... Ndf6 {[%cal
Gf6g4]} (14... Rad8 {Plus souple}) 15. Nxe4 Bxe4 16. Nd2 Bxg2 17. Kxg2 Rad8 18.
Qf3 Qb8 $1 {[%cal Gb6b5]} 19. Bc3 cxd4 20. Bxd4 e5 $1 {[%csl Rd2] Les pièces
blanches sont mal placées pour profiter de l'affaiblissement de la case "d5"
et les noirs prennent l'initiative.} 21. Bb2 b5 $1 {Le premier levier
libérateur dans une structure hérisson} 22. axb5 axb5 23. Bc3 Rc8 (23... d5
$5 {Les Noirs avaient l'occasion de réaliser le second levier libérateur
même si le P"e5" est un peu faible} 24. cxd5 Nxd5 25. Ba5 $1 Rd7 26. Ne4 {
[%csl Rd5,Rd7,Ge4][%cal Ge4c5,Gd1d7] Et les pièces Noires sont un peu
instables sur la colonne "d"}) 24. e4 Qb7 $1 {[%cal Gb7g2,Gb5b4] Une bonne
case pour la Q} (24... b4 25. Bb2 Nd7 26. Ra1 Nc5) 25. Rb1 b4 $15 26. Bb2 Bd8
$1 {[%cal Gd8b6] Le mauvais B va se ranimer} (26... Nd7 {[%cal Gd7c5]}) 27. Qd3
Bb6 28. f3 Nd7 $1 29. Bc1 $6 $138 (29. Nf1 {[%cal Gf1e3,Ge3f5,Ge3d5]} Nc5 30.
Qc2 Rcd8 31. Rd5 (31. Ne3 Nxe4) 31... Ne6 {[%cal Ge6d4]}) 29... Bd4 30. Nf1 Nc5
31. Qe2 f5 $1 32. exf5 (32. Nd2 Bc3 {[%cal Gc3d2]}) 32... e4 33. f4 e3+ $40 34.
Qf3 $4 (34. Kg1 $8) 34... e2 35. Qxb7 exd1=Q 36. Qd5+ Kh8 37. f6 Qe2+ 0-1